Michael Mann Films - Statistics

General Stats
  • This quiz has been taken 76 times
  • The average score is 7 of 11
Answer Stats
Year Film % Correct
1995 Heat
98%
2004 Collateral
85%
2006 Miami Vice
85%
1986 Manhunter
72%
1981 Thief
70%
2015 Blackhat
65%
1999 The Insider
63%
1992 The Last of the Mohicans
61%
2009 Public Enemies
59%
2001 Ali
54%
1983 The Keep
37%
No matching quizzes found
Score Distribution
Percent of People with Each Score
Percentile by Number Answered
Your Score History
You have not taken this quiz